00962cam a22002655a 4500001000800000005001700008008004100025020001500066020001800081040003300099082001900132100002800151245006700179260004500246300003500291490006300326504004100389650005200430650005700482651001000539653002300549942000800572999001700580952009900597305200920171218104100.0960402t1996 gw a frb 000 0 eng d a3540611525 a9783540611523 aDLCcDLCdDLCdEG-ScBUEbeng04222a339.5bVIL1 aVillar, Antonio,d1954-10aGeneral equilibrium with increasing returns /cAntonio Villar. aBerlin ;aNew York :bSpringer,cc.1996. axiii, 164 p. :bill. ;c24 cm. aLecture notes in economics and mathematical systems ;v438 aIncludes bibliographical references. 7aEconomies of scalexMathematical models.2BUEsh 7aEquilibrium (Economics)xMathematical models.2BUEsh 2BUEsh bGGENcDecember2017 2ddc c25725d25697 00102ddc4070aMAINbMAINc1STd2017-12-18l0o339.5 VILp000042669r2025-07-15 00:00:00yBB